[Event "Baden-ch op U1800"]
[Site "Birkenfeld"]
[Date "2013.06.02"]
[Round "7"]
[White "Hulin, Egmar"]
[Black "Hermann, Tobias"]
[Result "0-1"]
[WhiteElo "1828"]
[BlackElo "1692"]
[PlyCount "62"]
[EventDate "2013.05.30"]
[EventType "swiss"]
[EventRounds "7"]
[EventCountry "GER"]
[SourceTitle "EXT 2014"]
[Source "ChessBase"]
[SourceDate "2013.11.20"]
[SourceVersion "1"]
[SourceVersionDate "2013.11.20"]
[SourceQuality "1"]

1. e4 e5 2. d4 exd4 3. c3 Nc6 4. Bc4 Nf6 5. cxd4 Bb4+ 6. Nc3 d5 7. exd5 Nxd5 8. Nge2 0-0 9. 0-0 Be6 10. Bd3 Nb6 11. a3 Bxc3 12. bxc3 Na5 13. Be3 Nac4 14. Qb1 h6 15. Nf4 Qd7 16. Nxe6 Qxe6 17. Re1 Rfe8 18. Bf4 Qc6 19. Qb3 Nd6 20. Be5 Re7 21. Re3 Nbc4 22. Bxc4 Nxc4 23. Ree1 Rae8 24. Rad1 Nxe5 25. dxe5 Rxe5 26. Rxe5 Rxe5 27. Rd8+ Re8 28. Rd1 Qe4 29. Kf1 Qe2+ 30. Kg1 Qe1+ 31. Rxe1 Rxe1# 0-1